[Event "Sachsen-ch U16 Girls"]
[Site "Sebnitz"]
[Date "2007.04.11"]
[Round "3"]
[White "Nake, Marianne"]
[Black "Bartmuss, Bianca"]
[Result "1-0"]
[WhiteElo "1361"]
[BlackElo "1060"]
[PlyCount "51"]
[EventDate "2007.04.10"]
[EventType "swiss"]
[EventRounds "7"]
[EventCountry "GER"]
[SourceTitle "EXT 2008"]
[Source "ChessBase"]
[SourceDate "2007.11.25"]
[SourceVersion "1"]
[SourceVersionDate "2007.11.25"]
[SourceQuality "1"]

1. e4 e5 2. Nf3 Nf6 3. Nxe5 Qe7 4. d4 d6 5. Nf3 Qxe4+ 6. Be2 Bf5 7. c3 Qc2 8. Qxc2 Bxc2 9. 0-0 Be7 10. Re1 0-0 11. Bg5 Be4 12. Nbd2 Bc6 13. c4 Bxf3 14. Bxf3 h6 15. Bxb7 Nc6 16. Bxc6 Rab8 17. Rxe7 hxg5 18. b3 Rbc8 19. Bb7 Rce8 20. Rae1 Rxe7 21. Rxe7 Re8 22. Rxe8+ Nxe8 23. Ne4 Kf8 24. Nxg5 Ke7 25. Bd5 Kf6 26. Nxf7 1-0

[Event "Sachsen-ch U16 Girls"]
[Site "Sebnitz"]
[Date "2006.04.18"]
[Round "1"]
[White "Bartmuss, Bianca"]
[Black "Gahn, Cornelia"]
[Result "0-1"]
[WhiteElo "1069"]
[BlackElo "1556"]
[PlyCount "100"]
[EventDate "2006.04.18"]
[EventType "swiss"]
[EventRounds "7"]
[EventCountry "GER"]
[SourceTitle "EXT 2007"]
[Source "ChessBase"]
[SourceDate "2006.11.23"]
[SourceVersion "1"]
[SourceVersionDate "2006.11.23"]
[SourceQuality "1"]

1. e4 d5 2. Nc3 d4 3. Nb5 c6 4. Na3 e5 5. b3 Nf6 6. Nf3 Nbd7 7. Nc4 Qc7 8. c3 b5 9. Na3 dxc3 10. dxc3 Nxe4 11. Qc2 Nef6 12. Bd3 Bd6 13. Ng5 g6 14. 0-0 0-0 15. Qe2 Nc5 16. Ne4 Ncxe4 17. Bxe4 Nxe4 18. Qxe4 Bf5 19. Qe3 Qe7 20. b4 a5 21. Qe2 axb4 22. cxb4 Bxb4 23. Nc2 Bc3 24. Bh6 Rfd8 25. Rad1 Rxa2 26. Rxd8+ Qxd8 27. Rd1 Qc7 28. Rc1 b4 29. Qd1 Bxc2 30. Rxc2 Rxc2 31. Qxc2 Qa7 32. Be3 Qa1+ 33. Qc1 Qxc1+ 34. Bxc1 b3 35. Kf1 b2 36. Bxb2 Bxb2 37. Ke2 f5 38. Kd3 c5 39. g3 Bd4 40. f4 e4+ 41. Kd2 c4 42. h4 Kf7 43. Ke2 Ke6 44. Kd2 Kd5 45. Ke2 c3 46. Ke1 Kc4 47. Kd1 Kd3 48. Kc1 Be3+ 49. Kd1 c2+ 50. Ke1 c1Q# 0-1

[Event "GER-chT U14 Girls"]
[Site "Dittrichshuette"]
[Date "2005.12.29"]
[Round "6.2"]
[White "Bartmuss, Bianca"]
[Black "Biryuk, Svitlana"]
[Result "1-0"]
[WhiteElo "996"]
[BlackElo "1187"]
[PlyCount "79"]
[EventDate "2005.12.27"]
[EventType "team-swiss"]
[EventRounds "6"]
[EventCountry "GER"]
[SourceTitle "CBM 110 Extra"]
[Source "ChessBase"]
[SourceDate "2006.03.10"]
[SourceVersion "2"]
[SourceVersionDate "2006.03.10"]
[SourceQuality "1"]
[WhiteTeam "Leipzig Lindenau U14 Girls"]
[BlackTeam "Duesseldorf SF 75 U14 Girls"]
[WhiteTeamCountry "GER"]
[BlackTeamCountry "GER"]

1. e4 c5 2. d4 cxd4 3. Qxd4 Nc6 4. Qd1 Nf6 5. Nc3 e6 6. Bd2 Bc5 7. Qe2 0-0 8. 0-0-0 d5 9. Bf4 Nd4 10. Qd3 Nxe4 11. Nxe4 dxe4 12. Qxe4 Qd5 13. Qxd5 exd5 14. Be3 Be6 15. Bxd4 Bxd4 16. Rxd4 Rfc8 17. Bd3 Rab8 18. Rh4 g6 19. Ne2 Bd7 20. Rd4 Be6 21. Nf4 b5 22. Nxd5 Rd8 23. Ne7+ Kf8 24. Rxd8+ Rxd8 25. Nc6 Rd6 26. Nxa7 Ra6 27. Nxb5 Rxa2 28. Re1 Ra4 29. Nc7 Ke7 30. b3 Rd4 31. Bc4 Rd6 32. Kb2 Kd7 33. Nxe6 fxe6 34. Bxe6+ Rxe6 35. Rxe6 Kxe6 36. Kc3 Kd5 37. Kd3 h5 38. c4+ Kc5 39. b4+ Kc6 40. Kd4 1-0

[Event "Sachsen-ch U14 Girls"]
[Site "Sebnitz"]
[Date "2005.03.29"]
[Round "2"]
[White "Hartmann, Anne"]
[Black "Bartmuss, Bianca"]
[Result "1-0"]
[WhiteElo "1027"]
[BlackElo "761"]
[PlyCount "57"]
[EventDate "2005.03.29"]
[EventType "swiss"]
[EventRounds "7"]
[EventCountry "GER"]
[SourceTitle "EXT 2007"]
[Source "ChessBase"]
[SourceDate "2006.11.23"]
[SourceVersion "1"]
[SourceVersionDate "2006.11.23"]
[SourceQuality "1"]

1. e4 e5 2. Nf3 Nf6 3. Nc3 Bb4 4. Nxe5 Bxc3 5. dxc3 Qe7 6. Bf4 d6 7. Nd3 Nxe4 8. Be2 Na6 9. 0-0 Nec5 10. Nxc5 Nxc5 11. Bb5+ Bd7 12. Re1 Ne6 13. Bxd7+ Qxd7 14. Qg4 0-0-0 15. Be3 Kb8 16. Qb4 a6 17. Rad1 Qc6 18. Rd2 Nc5 19. Red1 Rd7 20. Bxc5 Qxc5 21. Qxc5 dxc5 22. Rxd7 Re8 23. Rc1 Rf8 24. Re1 Kc8 25. Ree7 h5 26. Rxc7+ Kd8 27. Rxb7 g5 28. Rxf7 Re8 29. Rb8# 1-0